| 000 | 01071nam0a22002891 4500 | ||
|---|---|---|---|
| 001 | v19\rc\1853446 | ||
| 005 | 20260406090413.0 | ||
| 035 | _a(NLR Aleph) 004948257 | ||
| 090 |
_a5854683 _c5854683 |
||
| 100 | _a20080221d1909 u y0rusy50 ca | ||
| 101 | 0 | _arus | |
| 102 | _aRU | ||
| 105 | _ay z ||||| | ||
| 200 | 1 |
_aМестное гражданское право губерний прибалтийских и привислинских _eПособие к лекциям пр.-доц. Моск. ун-та В.А. Краснокутского |
|
| 210 |
_aМосква _cтип. Имп. Моск. ун-та _d1909 |
||
| 215 |
_a114, [1] с. _d25 |
||
| 700 | 1 |
_4340 _4080 _7ca _8rus _aКраснокутский _bВ. А. _f1873- _gВасилий Александрович _3RU\NLR\AUTH\770280948 _92652915 |
|
| 801 | 0 |
_aRU _bNLR _gpsbo |
|
| 801 | 0 |
_aRU _bRuMoRGB _2psbo |
|
| 801 | 1 |
_aRU _bProSoft-M _2rusmarc |
|
| 852 |
_aNLR _j38.77.3.49 |
||
| 899 |
_aRuMoRGB _jP 35/120 |
||
| 899 |
_aRuMoRGB _jU 427/214 |
||
| 899 | _aБАН | ||
| 899 | _aГПИБ | ||
| 942 | _cBOOK | ||
| 980 | _aNB | ||